Analyzing media messages : using quantitative content analysis in research / Daniel Riffe, Stephen Lacy and Frederick Fico. (Record no. 22655)

000 -LEADER
fixed length control field 00778nam a22002057a 4500
020 ## - INTERNATIONAL STANDARD BOOK NUMBER
ISBN 9780415517676
082 ## - DEWEY DECIMAL CLASSIFICATION NUMBER
Classification number 302.23
Item number R564 2014
100 ## - MAIN ENTRY--AUTHOR NAME
Personal name Riffe, Daniel, author.
245 ## - TITLE STATEMENT
Title Analyzing media messages : using quantitative content analysis in research / Daniel Riffe, Stephen Lacy and Frederick Fico.
250 ## - EDITION STATEMENT
Edition statement Third edition.
260 ## - PUBLICATION, DISTRIBUTION, ETC. (IMPRINT)
Place of publication New York :
Name of publisher Routledge/Taylor & Francis Group,
Year of publication c2014.
300 ## - PHYSICAL DESCRIPTION
Number of Pages 1 online resource, xiv, 206 pages :
Other physical details illustrations.
490 ## - SERIES STATEMENT
Series statement Routledge communication series
500 ## - GENERAL NOTE
General note First edition published by Routledge 1998.
500 ## - GENERAL NOTE
General note Includes bibliographical references and indexes.
650 ## - SUBJECT ADDED ENTRY--TOPICAL TERM
Topical Term Mass media--Statistical methods.
700 ## - ADDED ENTRY--PERSONAL NAME
Personal name Lacy, Stephen
700 ## - ADDED ENTRY--PERSONAL NAME
Personal name Fico, Frederick
942 ## - ADDED ENTRY ELEMENTS (KOHA)
Koha item type Electronic Books
Holdings
Source of acquisition Permanent Location Date acquired Collection code Koha item type Lost status Shelving location Withdrawn status Current Location Full call number
DonationCagayan State University - Carig Library2026-04-17E-BooksElectronic Books E-Resource Section Cagayan State University - Carig Library302.23 R564 2014

Cagayan State University University Library, Carig Campus
Tuguegarao City, Cagayan 3500 | www.csucarig.edu.ph

Powered by Koha